<?xml version="1.0" encoding="UTF-8"?>
<marc:record xmlns:marc="http://www.loc.gov/MARC21/slim">
   <marc:leader>00000nam a2200000 a 4500</marc:leader>
   <marc:datafield ind1="1" ind2=" " tag="100">
      <marc:subfield code="a">Eßer, Angela</marc:subfield>
      <marc:subfield code="4">edt</marc:subfield>
      <marc:subfield code="e">Bearbeiter/-in</marc:subfield>
   </marc:datafield>
   <marc:datafield ind1=" " ind2=" " tag="653">
      <marc:subfield code="a">Deutsch</marc:subfield>
   </marc:datafield>
   <marc:datafield ind1=" " ind2=" " tag="653">
      <marc:subfield code="a">Kriminalgeschichte</marc:subfield>
   </marc:datafield>
   <marc:datafield ind1=" " ind2=" " tag="653">
      <marc:subfield code="a">Thriller</marc:subfield>
   </marc:datafield>
   <marc:datafield ind1=" " ind2=" " tag="653">
      <marc:subfield code="a">Spionage</marc:subfield>
   </marc:datafield>
   <marc:datafield ind1=" " ind2=" " tag="653">
      <marc:subfield code="a">Anthologie</marc:subfield>
   </marc:datafield>
   <marc:datafield ind1=" " ind2=" " tag="653">
      <marc:subfield code="a">Krimis</marc:subfield>
   </marc:datafield>
   <marc:datafield ind1="0" ind2="0" tag="245">
      <marc:subfield code="a">Schöne Leich' in Wien</marc:subfield>
   </marc:datafield>
   <marc:datafield ind1="0" ind2="0" tag="245">
      <marc:subfield code="b">Kriminalstorys</marc:subfield>
   </marc:datafield>
   <marc:datafield ind1="0" ind2="0" tag="245">
      <marc:subfield code="c">Angela Eßer (Hrsg.)</marc:subfield>
   </marc:datafield>
   <marc:datafield ind1=" " ind2="1" tag="264">
      <marc:subfield code="a">Dortmund</marc:subfield>
      <marc:subfield code="b">Grafit</marc:subfield>
      <marc:subfield code="c">2008</marc:subfield>
   </marc:datafield>
   <marc:datafield ind1="1" ind2=" " tag="490">
      <marc:subfield code="a">Grafit</marc:subfield>
      <marc:subfield code="v">348</marc:subfield>
   </marc:datafield>
   <marc:datafield ind1="1" ind2=" " tag="520">
      <marc:subfield code="a">Angaben aus der Verlagsmeldung

Schöne Leich' in Wien : Kriminalstorys

Was kommt dabei heraus, wenn Österreicher und Deutsche aufeinandertreffen? – Mord ... Nein, Mordgeschichten muss es natürlich heißen! Und die spielen nicht irgendwo, sondern im Prater, im Heurigenviertel, im Caféhaus, auf dem Zentralfriedhof, vor dem Stephansdom, kurz in einer Stadt, der wahrlich mehr als ein Verbrechen zuzutrauen ist: in Wien.
Jedem Bezirk seine Leiche, das ist das Motto der Herausgeberin Angela Eßer und der mehr als zwanzig hochkarätigen Autorinnen und Autoren, die aufgefordert wurden, Wien unsicher zu machen. Dazu anstiften ließen sich u. a.: Heinrich Steinfest, Edith Kneifl, Jürgen Kehrer, Sabina Naber, Ralf Kramp, Andreas Pittler, Stefan Slupetzky, Jürgen Ehlers, Nina George, Thomas Raab, Ernst Solèr, Thomas Akan Vierich, Eva Rossmann, Nessa Altura, Susanne Schubarsky, Susanne Ayoub, Ernst Hinterberger, Alfred Komarek, Tatjana Kruse, Barbara Krohn, Leo P. Ard und Andrea Maria Schenkel.
</marc:subfield>
   </marc:datafield>
   <marc:datafield ind1=" " ind2=" " tag="020">
      <marc:subfield code="a">9783894253486</marc:subfield>
      <marc:subfield code="9">9783894253486</marc:subfield>
   </marc:datafield>
   <marc:datafield ind1=" " ind2=" " tag="020">
      <marc:subfield code="a">3894253487</marc:subfield>
      <marc:subfield code="9">3894253487</marc:subfield>
   </marc:datafield>
   <marc:datafield ind1=" " ind2=" " tag="041">
      <marc:subfield code="a">ger</marc:subfield>
   </marc:datafield>
   <marc:datafield ind1=" " ind2=" " tag="300">
      <marc:subfield code="a">285 S.</marc:subfield>
   </marc:datafield>
</marc:record>
